Coats of Arms with Birds - Statistics

General Stats
  • This quiz has been taken 10 times
  • The average score is 32 of 60
Answer Stats
Picture Answer % Correct
Albania
100%
Germany
100%
Kiribati
100%
United States of America
100%
Austria
86%
Colombia
86%
Egypt
86%
Iceland
86%
Iraq
86%
Kenya
86%
Mexico
86%
Namibia
86%
Poland
86%
Uzbekistan
86%
Australia
71%
Bolivia
71%
Serbia
71%
United Arab Emirates
71%
Chile
57%
Cyprus
57%
Czechia
57%
Ecuador
57%
Moldova
57%
Philippines
57%
Romania
57%
Russia
57%
Tonga
57%
Dominica
43%
Ghana
43%
Guatemala
43%
Kyrgyzstan
43%
Mali
43%
Montenegro
43%
Panama
43%
Papua New Guinea
43%
Sao Tome & Principe
43%
South Africa
43%
South Sudan
43%
Syria
43%
Trinidad and Tobago
43%
Uganda
43%
Yemen
43%
Zimbabwe
43%
Armenia
29%
Bahamas
29%
Barbados
29%
Grenada
29%
Indonesia
29%
Liechtenstein
29%
Malawi
29%
Marshall Islands
29%
Mauritius
29%
Nauru
29%
Nigeria
29%
Saint Kitts and Nevis
29%
Saint Lucia
29%
Seychelles
29%
Sudan
29%
Zambia
29%
Guyana
14%
No matching quizzes found
Score Distribution
Percent of People with Each Score
Percentile by Number Answered
Your Score History
You have not taken this quiz